000 01277nam a22003377a 4500
003 CHAP
005 20220329143308.0
008 080305d2005 es bd r 00110 spa d
010 _a94558
011 _a95530
020 _a8420544663
035 _a106156
040 _cCHAP
082 0 4 _a519
_bM37
100 1 _aMartín Martín, Quintín.
_971710
245 1 0 _aInvestigación operativa :
_bproblemas y ejercicios resueltos
_c/por Quintín Martín Martín, Ma. Teresa Santos Martín y Yanira del Rosario de Paz Santana
260 _aMadrid :
_bPearson Educación,
_c2005
300 _aviii, 407 p. :
_bgráfs. ; cuadros + 1 disco compacto 4 3/4 plgs.
582 8 _aConsultar el disco en la página web de la BC
590 _aBATCH-UPD
_b10
_c20130110
_lUCH01
_h0539
590 _aBATCH-UPD
_b10
_c20130410
_lUCH01
_h0220
590 _aBATCH-UPD
_b10
_c20130914
_lUCH01
_h1800
590 _aCONVERSION
_b10
_c20130109
_lUCH01
_h1352
650 1 4 _aMatemáticas.
_972901
650 1 4 _aProgramación lineal
_xProblemas, ejercicios, etc.
_992372
700 1 _aPaz Santana, Yanira del Rosario de
_986364
700 1 _aSantos Martín, Ma. Teresa.
_9102512
901 _aBK
942 _cLIBRO
949 _a519 M37
_bBC
_cLIBRO
_d33724002052991
_eLIBRO
_gI.c/e
_h109248
_i106156
_si
_t$280.80
999 _c94558
_d94558